Statistics for Famous Football Players Picture Quiz - Colombia

Click here to take the quiz!

General Stats

  • This quiz has been taken 247 times
  • The average score is 9 of 15

Answer Stats

Answer% Correct
James Rodríguez
98%
Radamel Falcao
93%
Carlos Valderrama
84%
Juan Cuadrado
80%
David Ospina
78%
René Higuita
77%
Carlos Bacca
61%
Iván Córdoba
47%
Óscar Córdoba
47%
Jackson Martínez
46%
Mario Yepes
40%
Juan Camilo Zúñiga
36%
Faryd Mondragón
30%
Juan Fernando Quintero
29%
Leonel Álvarez
15%

Score Distribution

Percentile by Number Answered

Percent of People with Each Score

Your Score History

You have not taken this quiz